| 000 | 00932nam a2200277 a 4500 | ||
|---|---|---|---|
| 008 | |||
| 020 | _a9241545356(pbk. ) | ||
| 049 | _aMAIN | ||
| 090 | _aTD215 | ||
| 245 | 0 | 0 |
_aGuidelines for drinking-water quality. _nAddendum : Microbiological agents in drinking water/ _cWorld Health Organisation |
| 246 | _aMicrobiological agents in drinking water. | ||
| 250 | _a2nd ed. | ||
| 260 |
_aGeneva : _bWorld Health Organization, _c2002 |
||
| 300 |
_avii, 142 p. ; _c24 cm. |
||
| 504 | _aIncludes bibliographical references. | ||
| 650 | _aDrinking water - standards. | ||
| 650 | _aWater microbiology - standards | ||
| 650 | 2 |
_aWater Supply _xstandards. |
|
| 650 | 2 |
_aWater Pollution _xprevention & control. |
|
| 710 | 2 | 0 | _aWorld Health Organization. |
| 907 |
_a.b10144134 _b17-12-04 _c17-12-04 |
||
| 003 | |||
| 005 | 20230123133901.0 | ||
| 040 | _cNUST | ||
| 942 |
_cBOOKS _kTD215 |
||
| 999 |
_c156276 _d156276 |
||